Ay! may bukbok and ngipin ni Ani! / (Record no. 102903)
[ view plain ]
| 000 -LEADER | |
|---|---|
| fixed length control field | 00598nam a2200181 a 4500 |
| 005 - DATE AND TIME OF LATEST TRANSACTION | |
| control field | 20140412111245.0 |
| 008 - FIXED-LENGTH DATA ELEMENTS--GENERAL INFORMATION | |
| fixed length control field | 010809s19uu xx 00 eng d |
| 020 ## - INTERNATIONAL STANDARD BOOK NUMBER | |
| International Standard Book Number | 971-511-647-7 |
| 050 ## - LIBRARY OF CONGRESS CALL NUMBER | |
| Classification number | Fil |
| Item number | G22 2000 |
| 100 ## - MAIN ENTRY--PERSONAL NAME | |
| Personal name | Gatmaitan, Luis P. |
| 245 ## - TITLE STATEMENT | |
| Title | Ay! may bukbok and ngipin ni Ani! / |
| Statement of responsibility, etc | istorya ni Luis P. Gatmaitan, M.D.; guhit ni Jason Moss. |
| 260 ## - PUBLICATION, DISTRIBUTION, ETC. (IMPRINT) | |
| Place of publication, distribution, etc | Manila, Philippines : |
| Name of publisher, distributor, etc | Hiyas Children's Collections, |
| Date of publication, distribution, etc | 2000. |
| 300 ## - PHYSICAL DESCRIPTION | |
| Extent | 32p. ; ill. |
| 440 ## - SERIES STATEMENT/ADDED ENTRY--TITLE | |
| Title | Mga Kuwento ni Tito Dok |
| 650 ## - SUBJECT ADDED ENTRY--TOPICAL TERM | |
| Topical term or geographic name as entry element | Health-Juvenile literature |
| 650 ## - SUBJECT ADDED ENTRY--TOPICAL TERM | |
| Topical term or geographic name as entry element | Children's stories, Filipino |
| Withdrawn status | Lost status | Damaged status | Use restrictions | Home library | Current library | Shelving location | Date acquired | Source of acquisition | Total Checkouts | Full call number | Barcode | Date last seen | Price effective from | Koha item type |
|---|---|---|---|---|---|---|---|---|---|---|---|---|---|---|
| Elizalde Library | Elizalde Library | Filipiniana Section | 08/09/2001 | Fil G22 2000 | E3113 | 04/12/2014 | 04/12/2014 | Books |